Δασοφυλακή εν Ελλάδι
Αποθηκεύτηκε σε:
| Κύριος συγγραφέας: | |
|---|---|
| Άλλοι συγγραφείς: | |
| Μορφή: | Βιβλίο |
| Γλώσσα: | Greek |
| Δημοσίευση: |
Αθήναι :
Τύποις Αλεξάνδρου Βιτσικουνάκη,
1934.
|
| Θέματα: | |
| Ετικέτες: |
Προσθήκη ετικέτας
Δεν υπάρχουν, Καταχωρήστε ετικέτα πρώτοι!
|
MARC
| LEADER | 00000cam a2200000 i 4500 | ||
|---|---|---|---|
| 001 | 1/62628 | ||
| 008 | 141229s1934 gr | ||| |||| ||gre|| | ||
| 035 | |l 10120269 | ||
| 040 | |a GR-MyUA |b gre |e AACR2 | ||
| 041 | 0 | |a gre | |
| 082 | 0 | |a 346.04675 |2 (23) | |
| 100 | 1 | |a Στεφάνου, Αναστάσιος, |d 1893-1982. | |
| 245 | 1 | 0 | |a Δασοφυλακή εν Ελλάδι / |c υπό Αναστ. Στεφάνου και Αναστ. Ε. Κοφινιώτη. |
| 260 | |a Αθήναι : |b Τύποις Αλεξάνδρου Βιτσικουνάκη, |c 1934. | ||
| 300 | |a 24 σ. ; |c 23 εκ. | ||
| 650 | 0 | 0 | |a Forestry law and legislation |z Greece. |
| 700 | 1 | |a Κοφινιώτης, Αναστάσιος Ε. | |
| 852 | |a INST |b SAMOS |c PORFYRIADA |e 20141229 |h 346.04675 ΣΤΕ |p 005300041060 |q 005300041060 |t NOLOAN |y 23 | ||
| 901 | |a BIBL3-2014-3 | ||
| 909 | |a Σ |b 185664 | ||
| 970 | |a ΣΙΤΖΙΜΗ |b ΓΙΑΣΕΜΗ |z 2014/12/29 | ||